000 00655nam a2200241Ia 4500
003 OSt
005 20220918214545.0
006 a|||||r|||| 00| 0
007 ta
008 220917b |||||||| |||| 00| 0 eng d
024 _a138,042
037 _cTextual
040 _aARTS
_cARTS
_beng
041 _2eng
_aeng
082 _aXN19:516, N1
100 _aTidd Joseph
_9131749
245 0 _aFlexible manufacturing technologies and international competitiveness
260 _aLondon
_bPinter
_c1991
300 _aix,113p.
_ccm.
650 _aECONOMICS
942 _hXN19:516, N1
_cTEXL
_2CC
999 _c261115
_d261115